header

In pursuit of poem shadows (Record no. 122791)

MARC details
000 -LEADER
fixed length control field 01736nam a2200325 a 4500
082 04 - DEWEY DECIMAL CLASSIFICATION NUMBER
Classification number 861/.64
100 1# - MAIN ENTRY--AUTHOR NAME
Personal name Pritchett, Kay,
245 10 - TITLE STATEMENT
Title In pursuit of poem shadows
260 ## - PUBLICATION, DISTRIBUTION, ETC. (IMPRINT)
Place of publication Lewisburg, Pa. :
Name of publisher Bucknell University Press,
Year of publication 2011.
300 ## - PHYSICAL DESCRIPTION
Number of Pages 220 p.
505 0# - FORMATTED CONTENTS NOTE
Formatted contents note Introduction -- Espacio de emocion: revision purifies vision -- Espacio de emocion and tiempo y espacio de emocion: creation comes to life -- Vega de la paloma: the muse clips the thread, leaving the poet stranded -- Tendido verso (segunda poetica), "verano 1983": life redresses the poem -- Tendido verso (segunda poetica), "verano 1984": the poem casts a shadow -- Pasion inedita: a hieros gamos comes to pass -- No escribir: brevity is the key.
856 40 - ELECTRONIC LOCATION AND ACCESS
Uniform Resource Identifier http://site.ebrary.com/lib/rucke/Doc?id=10483524

No items available.

© 2026 Rongo University
Contact us: librarian | system librarian | Rongo university